Intégrité morale et vie publique (Record no. 46222)

MARC details
000 -LEADER
fixed length control field 00798nam a22002537a 4500
003 - CONTROL NUMBER IDENTIFIER
control field 0
005 - DATE AND TIME OF LATEST TRANSACTION
control field 20160609165026.0
008 - FIXED-LENGTH DATA ELEMENTS--GENERAL INFORMATION
fixed length control field 090930t xxu||||| |||| 00| 0 eng d
040 ## - SOURCE DU CATALOGAGE
Original cataloging agency BUAC
Language of cataloging FR
Transcribing agency BAC
041 ## - CODE DE LANGUE
Language code of text/sound track or separate title FR
082 ## - DEWEY DECIMAL CLASSIFICATION NUMBER
Classification number 172.2 DOB
100 ## - VEDETTE PRINCIPALE - NOM DE PERSONNE
Personal name Dobel, Patrick J.
9 (RLIN) 891
245 ## - TITLE STATEMENT
Title Intégrité morale et vie publique
Statement of responsibility, etc /J. Patrick Dobel
Remainder of title :trad. de l'américain par Bernard Vincent
260 ## - PUBLICATION, DISTRIBUTION, ETC. (IMPRINT)
Place of publication, distribution, etc Paris
Name of publisher, distributor, etc Nouveaux Horizons
Date of publication, distribution, etc 2003
300 ## - PHYSICAL DESCRIPTION
Extent XVIII-278p.
Other physical details Couv. ill. en coul.
Dimensions 24 cm
500 ## - GENERAL NOTE
General note Titre original: Public integrity
600 ## - SUBJECT ADDED ENTRY--PERSONAL NAME
Personal name Vincent, Bernard
9 (RLIN) 892
650 ## - SUBJECT ADDED ENTRY--TOPICAL TERM
Topical term or geographic name as entry element Intégrité morale
9 (RLIN) 893
650 ## - SUBJECT ADDED ENTRY--TOPICAL TERM
Topical term or geographic name as entry element Vie publique
9 (RLIN) 894
650 ## - SUBJECT ADDED ENTRY--TOPICAL TERM
Topical term or geographic name as entry element Charge publique: intégrité
9 (RLIN) 895
650 ## - SUBJECT ADDED ENTRY--TOPICAL TERM
Topical term or geographic name as entry element Démission: éthique
9 (RLIN) 896
700 ## - ADDED ENTRY--PERSONAL NAME
Personal name Vincent, Bernard
9 (RLIN) 903
942 ## - ADDED ENTRY ELEMENTS (KOHA)
Koha item type Livre
Holdings
Withdrawn status Lost status Damaged status Not for loan Location (home branch) Sublocation or collection (holding branch) Date acquired Source of acquisition Koha issues (times borrowed) Koha full call number Piece designation (barcode) Koha date last seen Copy number Price effective from Koha item type
        Bibliothèque American Corner de l'UAC Bibliothèque American Corner de l'UAC 30/09/2009 Don CCA   172.2 DOB 00124 BAC 30/09/2009 1 30/09/2009 Livre


© 2008, Bibliothèques de l'Université d'Abomey-Calavi

04 BP 789 Cotonou, Tél. : +229 21 36 01 01, Fax : +229 21 35 06 32

Courriel : bu@bu.uac.bj